|
|
|
|
| LEADER |
00000nab a2200000 4500 |
| 001 |
vtls012079274 |
| 003 |
SK-MaSNL |
| 005 |
20260426101748.0 |
| 008 |
211130c2020 xo er|n || ||00 c0ukr |
| 015 |
|
|
|a SNBRB2021/11
|
| 038 |
|
|
|a SVKPOCL
|
| 040 |
|
|
|a SVKPOCL
|b slo
|c SVKPOCL
|e rda
|
| 041 |
0 |
|
|a ukr
|
| 043 |
|
|
|a e-xo---
|a e-un---
|
| 044 |
|
|
|a xo
|c SK
|
| 072 |
|
7 |
|a 378
|x Vysoké školy
|2 konspekt
|
| 072 |
|
7 |
|a 75
|x Maliarstvo
|2 konspekt
|
| 080 |
|
|
|a 76.071.1(437.6)
|2 2011
|
| 080 |
|
|
|a 75.071.1
|2 2011
|
| 080 |
|
|
|a 76.071.1
|2 2011
|
| 080 |
|
|
|a (437.671)
|2 2011
|
| 080 |
|
|
|a 378.093.2-051(437.6)
|2 2011
|
| 110 |
2 |
|
|a Redakcia novín NN info Rusyn
|4 aut
|9 1203584
|
| 245 |
0 |
0 |
|a Vmer akademičnŷj mal'ar' prof. Ivan Nestor Šafranko
|c [autor] -red-
|
| 246 |
3 |
3 |
|a Vmer akademičnўj mal'ar' prof. Ivan Nestor Šafranko
|
| 300 |
|
|
|b Fotografie
|
| 336 |
|
|
|a text
|b txt
|2 rdacontent
|
| 337 |
|
|
|a bez média
|b n
|2 rdamedia
|
| 338 |
|
|
|a zväzok
|b nc
|2 rdacarrier
|
| 500 |
|
|
|a V rubrike Aktualno
|
| 600 |
1 |
7 |
|a Šafranko, Ivan Nestor,
|d 1931-2020
|2 SNKMA
|9 141509
|
| 610 |
2 |
7 |
|a Univerzita Pavla Jozefa Šafárika v Košiciach.
|b Pedagogická fakulta v Prešove
|2 SNKAcsnkv
|9 176200
|
| 648 |
|
7 |
|a 25.6.1931-1.1.2020
|2 svkpocl
|9 1583254
|
| 648 |
|
7 |
|a 1.1.2020
|2 svkpocl
|9 1583255
|
| 650 |
0 |
7 |
|a maliari
|2 SNKPH
|9 3150
|
| 650 |
0 |
7 |
|a vysokoškolskí učitelia
|2 SNKPH
|9 66590
|
| 650 |
0 |
7 |
|a ukrajinské výtvarné umenie
|2 SNKPH
|9 76052
|
| 650 |
0 |
7 |
|a výtvarné umenie
|2 SNKPH
|9 723
|
| 650 |
0 |
7 |
|a maliarstvo
|2 SNKPH
|9 812
|
| 650 |
0 |
7 |
|a umelecká tvorba
|2 SNKPH
|9 2852
|
| 650 |
0 |
7 |
|a dejiny umenia
|2 SNKPH
|9 1066
|
| 650 |
0 |
7 |
|a osobnosti
|2 SNKPH
|9 29820
|
| 651 |
|
7 |
|a Prešov (Slovensko)
|2 SNKPHgeo
|9 17347
|
| 651 |
|
7 |
|a Turja Pasika (Ukrajina)
|2 svkpocl
|9 1212147
|
| 651 |
|
7 |
|a Slovensko
|2 SNKPHgeo
|9 14231
|
| 651 |
|
7 |
|a Humenné (Slovensko)
|2 SNKPHgeo
|9 19199
|
| 651 |
|
7 |
|a Bratislava (Slovensko)
|2 SNKPHgeo
|9 14568
|
| 651 |
|
7 |
|a Praha (Česko)
|2 SNKPHgeo
|9 19313
|
| 655 |
|
7 |
|a nekrológy
|2 SNKPH
|9 402542
|
| 773 |
0 |
|
|t NN info Rusyn
|g Roč. XVII (29), č. 21 (2020), s. 5
|x 2454-0013
|
| 852 |
|
|
|a SVKPO
|b KIS3GCP
|
| 958 |
|
|
|a RN
|
| 958 |
|
|
|a SS
|
| 958 |
|
|
|a BX
|
| 958 |
|
|
|a SK
|
| 958 |
|
|
|a NM
|
| 958 |
|
|
|a UK
|
| 999 |
|
|
|c 3238320
|d 3240250
|